000 00288nam a22001337a 4500
008 171011b xxu||||| |||| 00| 0 eng d
020 _a9780073129112
041 _aeng
080 _26TH
_a316
100 _a50
101 _aSOC
245 _aHUMAN SEXUALITY
_cSTRONG,B
942 _2udc
_cBK
999 _c33131
_d33131